000 00611nam a2200169Ia 4500
008 090201s9999 xx 000 0 und d
010 _aKPL-45624
040 _bमराठी
041 _aमराठी
082 _a9836
_b45624
100 _aअविनाश धर्माधिकरी
245 _aअस्वस्थ दशकाची डायरी
_cअविनाश धर्माधिकरी
260 _c2004
_bउन्मेष प्रकाशन
300 _a590
_bमोठा
600 _aअस्वस्थ दशकाची डायरी
942 _cBOOK
999 _c210329
_d210329